000 00617nam a22001937a 4500
999 _c159756
_d159756
005 20190208175939.0
010 _aB-713040
020 _a9789351030096
_c550.00
035 _aB-713040
037 _bRK Books
082 _aS
100 _aStilton, Thea
245 _aThe cloud castle /
_cThea Stilton
260 _aNew York
_bScholastic Inc.
_c2015
270 _a557 Broadway
_bNew York
_e10012
300 _a308p.
_c20cm(hb)
942 _2ddc
_cCH
_hS
_mSTI